[Event "45. Open de Mislata 2011 - Grupo A"]
[Site "Mislata ESP"]
[Date "2011.08.18"]
[Round "5.10"]
[White "Diaz Benitez, Ricardo"]
[Black "Ventura Monfort, Santiago"]
[Result "0-1"]
[WhiteElo "2011"]
[BlackElo "2003"]
[PlyCount "80"]
[EventDate "2011.08.15"]
[EventType "swiss"]
[EventRounds "9"]
[EventCountry "ESP"]
[Source "lmi"]
[SourceDate "2011.08.15"]

1. d4 Nf6 2. Nf3 d5 3. Bf4 c5 4. c3 Nc6 5. e3 Qb6 6. b3 e6 7. Bd3 g6 8. O-O Bg7
9. a4 cxd4 10. exd4 O-O 11. b4 Nh5 12. a5 Qd8 13. Bg5 f6 14. Bh4 Bh6 15. Re1
Ng7 16. Nbd2 Ne7 17. Nb3 Nef5 18. Bg3 Nxg3 19. hxg3 Qd6 20. Nc5 Re8 21. Qc2 Kf7
22. Nh4 f5 23. Nf3 Rb8 24. Ne5+ Kg8 25. Qa4 Bd2 26. Ncd7 Bxd7 27. Nxd7 Bxc3 28.
Nxb8 Rxb8 29. Rad1 Bxe1 30. Rxe1 Rc8 31. a6 b6 32. Bb5 Kf7 33. f4 h6 34. Re3 g5
35. Re5 g4 36. Kf2 Qc7 37. Re2 Qc3 38. Bd7 Qxd4+ 39. Re3 Rc7 40. Bc6 Qc4 0-1

[Event "45. Open de Mislata 2011 - Grupo A"]
[Site "Mislata ESP"]
[Date "2011.08.18"]
[Round "6.1"]
[White "Buenafe Moya, Javier"]
[Black "Jordan Arenas, Manuel"]
[Result "1-0"]
[WhiteElo "2312"]
[BlackElo "2153"]
[PlyCount "49"]
[EventDate "2011.08.15"]
[EventType "swiss"]
[EventRounds "9"]
[EventCountry "ESP"]
[Source "lmi"]
[SourceDate "2011.08.15"]

1. c4 e5 2. Nc3 Nc6 3. g3 Nf6 4. Bg2 Bc5 5. e3 O-O 6. Nge2 d6 7. O-O a6 8. d4
Ba7 9. h3 Rb8 10. Kh2 Bd7 11. a3 Ne7 12. e4 Nc6 13. Be3 Na5 14. Qd3 b5 15. cxb5
axb5 16. dxe5 Bxe3 17. exf6 Bh6 18. Nd5 Nc4 19. Qc3 Re8 20. f4 c6 21. Ne7+ Kh8
22. Nd4 Rxe7 23. fxe7 Qxe7 24. b3 Nb6 25. Nxc6 1-0

[Event "45. Open de Mislata 2011 - Grupo A"]
[Site "Mislata ESP"]
[Date "2011.08.18"]
[Round "6.2"]
[White "Luna Cortes, Luis"]
[Black "Mingo Fernandez, Matias"]
[Result "1/2-1/2"]
[WhiteElo "2143"]
[BlackElo "2189"]
[PlyCount "25"]
[EventDate "2011.08.15"]
[EventType "swiss"]
[EventRounds "9"]
[EventCountry "ESP"]
[Source "lmi"]
[SourceDate "2011.08.15"]

1. d4 d5 2. Nf3 Nf6 3. g3 Bf5 4. Bg2 e6 5. O-O h6 6. b3 Be7 7. Bb2 O-O 8. Ne5
c5 9. e3 Nc6 10. Nxc6 bxc6 11. Nd2 cxd4 12. exd4 Rc8 13. Nf3 1/2-1/2

[Event "45. Open de Mislata 2011 - Grupo A"]
[Site "Mislata ESP"]
[Date "2011.08.18"]
[Round "6.3"]
[White "Bosque Ortega, Xavier"]
[Black "Garcia Martinez, Silvino"]
[Result "1/2-1/2"]
[WhiteElo "2245"]
[BlackElo "2316"]
[PlyCount "78"]
[EventDate "2011.08.15"]
[EventType "swiss"]
[EventRounds "9"]
[EventCountry "ESP"]
[Source "lmi"]
[SourceDate "2011.08.15"]

1. d4 Nf6 2. Nf3 g6 3. Bf4 Bg7 4. h3 d6 5. e3 O-O 6. Be2 c5 7. c3 Qb6 8. Qb3
Qxb3 9. axb3 cxd4 10. exd4 Nc6 11. O-O e5 12. dxe5 dxe5 13. Nxe5 Nxe5 14. Bxe5
Re8 15. Bxf6 Rxe2 16. Bxg7 Kxg7 17. Na3 Rxb2 18. b4 Be6 19. Rfb1 Rxb1+ 20. Rxb1
Rd8 21. Nb5 a6 22. Nd4 Bc4 23. Re1 Kf8 24. Re5 Rc8 25. Re3 Re8 26. Nc2 Bb3 27.
Rxe8+ Kxe8 28. Na3 Kd7 29. Kf1 Kd6 30. Ke2 Ke5 31. Ke3 g5 32. g3 f5 33. f4+
gxf4+ 34. gxf4+ Kd5 35. Kd3 b5 36. h4 Ba2 37. Ke3 Bb3 38. Kd3 Ba2 39. Ke3 Bb3
1/2-1/2

[Event "45. Open de Mislata 2011 - Grupo A"]
[Site "Mislata ESP"]
[Date "2011.08.18"]
[Round "6.5"]
[White "Cruz Lledo, Pablo"]
[Black "Sanchez Saez, Francisco"]
[Result "1/2-1/2"]
[WhiteElo "2269"]
[BlackElo "2227"]
[PlyCount "87"]
[EventDate "2011.08.15"]
[EventType "swiss"]
[EventRounds "9"]
[EventCountry "ESP"]
[Source "lmi"]
[SourceDate "2011.08.15"]

1. d4 Nf6 2. c4 g6 3. Nc3 Bg7 4. e4 d6 5. f3 O-O 6. Nge2 e5 7. Bg5 c6 8. Qd2 h6
9. Bxh6 Nxe4 10. Nxe4 Qh4+ 11. g3 Qxh6 12. Qxh6 Bxh6 13. Nxd6 Na6 14. dxe5 Nb4
15. f4 Nc2+ 16. Kd2 Nxa1 17. Bg2 f6 18. exf6 Bg4 19. f7+ Rxf7 20. Nxf7 Kxf7 21.
Rxa1 Rd8+ 22. Ke1 Re8 23. Bf1 Bg7 24. Rd1 Bf8 25. a3 a5 26. h3 Be6 27. Rc1 Bg7
28. Rc2 Bf5 29. Rd2 Re3 30. Kf2 Rb3 31. g4 Be6 32. Nc3 Bxc3 33. bxc3 a4 34. Ke3
Rxa3 35. Kd4 b6 36. Rb2 c5+ 37. Kd3 Ra1 38. Be2 Rh1 39. Rxb6 Rxh3+ 40. Kd2 Rh2
41. Rb7+ Kf8 42. Ke3 Rh3+ 43. Kd2 Rh2 44. Ke3 1/2-1/2

[Event "45. Open de Mislata 2011 - Grupo A"]
[Site "Mislata ESP"]
[Date "2011.08.18"]
[Round "6.6"]
[White "Fernandez, Alonso Miquel A"]
[Black "Gonzalez Aguirre, Luis"]
[Result "0-1"]
[WhiteElo "2137"]
[BlackElo "2207"]
[PlyCount "138"]
[EventDate "2011.08.15"]
[EventType "swiss"]
[EventRounds "9"]
[EventCountry "ESP"]
[Source "lmi"]
[SourceDate "2011.08.15"]

1. d4 Nf6 2. Nf3 e6 3. g3 d5 4. Bg2 Be7 5. O-O O-O 6. c4 dxc4 7. Qc2 b5 8. a4
c6 9. axb5 cxb5 10. Ng5 h6 11. Bxa8 hxg5 12. Bg2 a6 13. Bxg5 Qxd4 14. Rd1 Qc5
15. Be3 Qh5 16. Bd4 e5 17. Ba7 Bf5 18. e4 Nxe4 19. Nc3 Nc5 20. Qe2 Qxe2 21.
Nxe2 Nb3 22. Nc3 Nxa1 23. Rxa1 Rd8 24. Nd5 Bf8 25. Bb6 Rc8 26. Ne3 Bd3 27. Bb7
c3 28. Bxc8 cxb2 29. Rd1 b1=Q 30. Rxb1 Bxb1 31. Bc7 Nc6 32. Bxa6 Nd4 33. Kf1 f6
34. Ke1 Bc5 35. Kd1 Be4 36. Ba5 Kf7 37. Bc3 b4 38. Bc4+ Kg6 39. Bb2 Nf5 40. Kd2
Bd4 41. Bxd4 Nxd4 42. h4 f5 43. Ba6 Kf6 44. Bc4 Ke7 45. Nd1 f4 46. Nb2 Kf6 47.
Ba6 fxg3 48. fxg3 Nf5 49. g4 Nxh4 50. Ke3 Bc2 51. Bc8 b3 52. Kd2 Nf3+ 53. Kc3
Kg5 54. Nc4 Kf4 55. Nd6 e4 56. Nf5 g5 57. Bb7 e3 58. Ba6 Ne5 59. Nd4 Nxg4 60.
Be2 Nf6 61. Ne6+ Kf5 62. Ng7+ Ke5 63. Bc4 Ne4+ 64. Kb2 Nd2 65. Be2 Ne4 66. Nh5
Nf6 67. Ng3 Kf4 68. Nf1 Ne4 69. Ba6 Ng3 0-1

[Event "45. Open de Mislata 2011 - Grupo A"]
[Site "Mislata ESP"]
[Date "2011.08.18"]
[Round "6.7"]
[White "Corona Gentil, Jose Luis"]
[Black "Martinez Tormo, Jorge"]
[Result "1/2-1/2"]
[WhiteElo "2112"]
[BlackElo "2164"]
[PlyCount "120"]
[EventDate "2011.08.15"]
[EventType "swiss"]
[EventRounds "9"]
[EventCountry "ESP"]
[Source "lmi"]
[SourceDate "2011.08.15"]

1. e4 c5 2. Nf3 e6 3. d4 cxd4 4. Nxd4 Nf6 5. Nc3 Nc6 6. Ndb5 Bb4 7. a3 Bxc3+ 8.
Nxc3 d5 9. exd5 exd5 10. Be2 d4 11. Na2 Be6 12. O-O O-O 13. Bg5 Bxa2 14. Bxf6
Qxf6 15. Rxa2 Rfe8 16. Ra1 Re7 17. Qd2 Rae8 18. Rae1 Qe6 19. f3 Qa2 20. b3 Qxa3
21. Bd3 Qc5 22. Re4 b5 23. Rh4 h6 24. Qf2 a6 25. Qg3 Qe5 26. Qxe5 Rxe5 27. Kf2
Rd8 28. Be4 Nb4 29. Rd1 Rc5 30. Rd2 f5 31. Bb7 Rxc2 32. Rxc2 Nxc2 33. Bxa6 d3
34. Bxb5 d2 35. Be2 d1=Q 36. Bxd1 Rxd1 37. Ra4 Rd3 38. Ra5 f4 39. g3 Rxb3 40.
gxf4 Nd4 41. Kg3 Rxf3+ 42. Kg4 Rf2 43. Rd5 Ne2 44. f5 Rxh2 45. Rd2 Rf2 46. f6
gxf6 47. Rd7 f5+ 48. Kh5 Rg2 49. Kxh6 Nf4 50. Rg7+ Kf8 51. Rxg2 Nxg2 52. Kg5 f4
53. Kg4 Ke7 54. Kf3 Ke6 55. Kxg2 Kf5 56. Kf3 Ke5 57. Kf2 Ke4 58. Ke2 Kd4 59.
Kf3 Ke5 60. Kf2 Ke4 1/2-1/2

[Event "45. Open de Mislata 2011 - Grupo A"]
[Site "Mislata ESP"]
[Date "2011.08.18"]
[Round "6.8"]
[White "Cabero Feliciano, Guillermo"]
[Black "Gimeno Martos, Roberto"]
[Result "1/2-1/2"]
[WhiteElo "2101"]
[BlackElo "2144"]
[PlyCount "35"]
[EventDate "2011.08.15"]
[EventType "swiss"]
[EventRounds "9"]
[EventCountry "ESP"]
[Source "lmi"]
[SourceDate "2011.08.15"]

1. d4 d6 2. Nf3 Nd7 3. e4 e5 4. Bc4 Ngf6 5. Nc3 Be7 6. O-O O-O 7. h3 c6 8. Bb3
b5 9. a3 Rb8 10. Qe2 a6 11. Rd1 Qc7 12. Bg5 Re8 13. dxe5 dxe5 14. Bh4 c5 15.
Nd5 Nxd5 16. Bxd5 Bxh4 17. Nxh4 Nf8 18. Qf3 1/2-1/2

[Event "45. Open de Mislata 2011 - Grupo A"]
[Site "Mislata ESP"]
[Date "2011.08.18"]
[Round "6.9"]
[White "Castellanos Palop, David"]
[Black "Pena, Riasco Alexander"]
[Result "0-1"]
[WhiteElo "1965"]
[BlackElo "2193"]
[PlyCount "73"]
[EventDate "2011.08.15"]
[EventType "swiss"]
[EventRounds "9"]
[EventCountry "ESP"]
[Source "lmi"]
[SourceDate "2011.08.15"]

1. d4 d5 2. c4 c6 3. Nc3 Nf6 4. Nf3 e6 5. cxd5 exd5 6. Qc2 Be7 7. Bg5 O-O 8. e3
Nbd7 9. Bd3 Re8 10. O-O Nf8 11. Rab1 Ng6 12. b4 a6 13. a4 Ne4 14. Bxe7 Qxe7 15.
b5 axb5 16. axb5 Bd7 17. bxc6 Bxc6 18. Qb2 f5 19. Bb5 f4 20. exf4 Nxc3 21. Qxc3
Bxb5 22. Rxb5 Nxf4 23. Qb4 Qe4 24. Qb1 Qe6 25. g3 Ne2+ 26. Kg2 Nc3 27. Ng5 Nxb1
28. Nxe6 Na3 29. Nxg7 Nxb5 30. Nxe8 Rxe8 31. Rb1 Nd6 32. g4 b5 33. f3 Rb8 34.
Rb4 Ra8 35. Rb1 Ra4 36. Kf2 Rxd4 37. Ke3 0-1

[Event "45. Open de Mislata 2011 - Grupo A"]
[Site "Mislata ESP"]
[Date "2011.08.18"]
[Round "6.10"]
[White "Sanchiz Marti, Josep Miquel"]
[Black "Martin Hernandez, Ruben"]
[Result "0-1"]
[WhiteElo "1964"]
[BlackElo "2128"]
[PlyCount "84"]
[EventDate "2011.08.15"]
[EventType "swiss"]
[EventRounds "9"]
[EventCountry "ESP"]
[Source "lmi"]
[SourceDate "2011.08.15"]

1. d4 Nf6 2. c4 c5 3. d5 e6 4. Nc3 exd5 5. cxd5 d6 6. e4 g6 7. Nf3 Bg7 8. Be2
O-O 9. Nd2 Re8 10. O-O Na6 11. Re1 Nc7 12. Qc2 Rb8 13. a4 a6 14. a5 Bd7 15. Nc4
Bb5 16. h3 Bxc4 17. Bxc4 Qd7 18. Bf4 Nb5 19. Rab1 Nh5 20. Bh2 Nd4 21. Qd3 Rbc8
22. g4 Nf6 23. f4 Qc7 24. e5 Nd7 25. exd6 Qxa5 26. Re7 Red8 27. Qe4 b5 28. Bd3
c4 29. Bf1 b4 30. Nd1 Qb6 31. Kh1 Nf6 32. Qg2 Qxd6 33. Ra7 Qb6 34. Re7 Nxd5 35.
Re4 Nf6 36. Re7 Qd6 37. Ra7 c3 38. bxc3 bxc3 39. Ne3 c2 40. Rc1 Qa3 41. Rxc2
Nxc2 42. Nxc2 Qc5 0-1

[Event "45. Open de Mislata 2011 - Grupo A"]
[Site "Mislata ESP"]
[Date "2011.08.19"]
[Round "7.1"]
[White "Buenafe Moya, Javier"]
[Black "Montalban, Galvez Antoni"]
[Result "0-1"]
[WhiteElo "2312"]
[BlackElo "2158"]
[PlyCount "116"]
[EventDate "2011.08.15"]
[EventType "swiss"]
[EventRounds "9"]
[EventCountry "ESP"]
[Source "lmi"]
[SourceDate "2011.08.15"]

1. c4 Nf6 2. Nc3 g6 3. e4 d6 4. f4 Bg7 5. Nf3 O-O 6. d4 c5 7. d5 e6 8. Be2 exd5
9. cxd5 Re8 10. e5 dxe5 11. fxe5 Ng4 12. Bg5 Qb6 13. O-O Nxe5 14. Nxe5 Bxe5 15.
Qa4 Bd4+ 16. Kh1 Bd7 17. Bb5 f6 18. Bh6 Qd8 19. Rae1 a6 20. Bxd7 Nxd7 21. Rxe8+
Qxe8 22. Qb3 b5 23. a4 Ne5 24. Qd1 f5 25. h3 Qd7 26. axb5 axb5 27. Qb3 c4 28.
Qxb5 Qxb5 29. Nxb5 Bxb2 30. Bf4 Rd8 31. d6 Nd3 32. Bg5 Rd7 33. g4 Kf7 34. Rf3
Ke6 35. Re3+ Kd5 36. Re7 Rxd6 37. Nxd6 Kxd6 38. gxf5 gxf5 39. Re8 Kd5 40. Rc8
f4 41. Kg2 Bd4 42. Kf3 Be3 43. h4 Ne5+ 44. Ke2 Ke4 45. Re8 f3+ 46. Kf1 Bxg5 47.
hxg5 c3 48. Rc8 Kd3 49. Rd8+ Ke3 50. Rc8 Kd2 51. Rd8+ Nd3 52. g6 hxg6 53. Ra8
c2 54. Ra2 g5 55. Kg1 g4 56. Kf1 Kd1 57. Ra1+ c1=Q 58. Ra2 Qd2 0-1

[Event "45. Open de Mislata 2011 - Grupo A"]
[Site "Mislata ESP"]
[Date "2011.08.19"]
[Round "7.3"]
[White "Garcia Martinez, Silvino"]
[Black "Sanchez Saez, Francisco"]
[Result "1-0"]
[WhiteElo "2316"]
[BlackElo "2227"]
[PlyCount "75"]
[EventDate "2011.08.15"]
[EventType "swiss"]
[EventRounds "9"]
[EventCountry "ESP"]
[Source "lmi"]
[SourceDate "2011.08.15"]

1. e4 c5 2. Nf3 d6 3. d4 cxd4 4. Nxd4 Nf6 5. Nc3 g6 6. Bc4 Bg7 7. O-O O-O 8. h3
Nc6 9. Be3 Nxe4 10. Bxf7+ Rxf7 11. Nxe4 Nxd4 12. Bxd4 e5 13. Bc5 d5 14. Nd6 Be6
15. Nxf7 Bxf7 16. c3 Qc7 17. Be3 Rd8 18. Bg5 Rd6 19. Qa4 a6 20. Rad1 b5 21. Qh4
Qd7 22. Rfe1 a5 23. a3 Rc6 24. f4 Rc4 25. Bh6 Qa7+ 26. Kh1 Bxh6 27. Qxh6 exf4
28. Rf1 Qe3 29. Rd4 Rxd4 30. cxd4 Qxd4 31. Qxf4 Qa7 32. Rc1 Qe7 33. Rc8+ Kg7
34. Rc7 Qe6 35. Rb7 Qe8 36. Qd4+ Kg8 37. Qf6 Qe1+ 38. Kh2 1-0

[Event "45. Open de Mislata 2011 - Grupo A"]
[Site "Mislata ESP"]
[Date "2011.08.19"]
[Round "7.6"]
[White "Pena, Riasco Alexander"]
[Black "Cabero Feliciano, Guillermo"]
[Result "0-1"]
[WhiteElo "2193"]
[BlackElo "2101"]
[PlyCount "174"]
[EventDate "2011.08.15"]
[EventType "swiss"]
[EventRounds "9"]
[EventCountry "ESP"]
[Source "lmi"]
[SourceDate "2011.08.15"]

1. e4 e5 2. Nf3 Nc6 3. Bc4 Bc5 4. d3 Nf6 5. c3 d6 6. O-O O-O 7. Re1 Bb6 8. Nbd2
Ne7 9. Nf1 Ng6 10. a4 c6 11. Bb3 h6 12. Be3 Bc7 13. h3 d5 14. Ng3 Be6 15. Bc2
dxe4 16. dxe4 Qxd1 17. Rexd1 b6 18. Rd2 Rfd8 19. Rad1 Rxd2 20. Rxd2 Rd8 21.
Rxd8+ Bxd8 22. Nd2 Ne7 23. Bb3 Bxb3 24. Nxb3 Ne8 25. a5 Nd6 26. axb6 axb6 27.
Nd2 f6 28. f3 Kf7 29. Kf1 Ke6 30. Ke2 Ng8 31. Nh5 Kf7 32. g4 Bc7 33. c4 c5 34.
b3 Ne7 35. Ng3 Nc6 36. h4 g5 37. h5 Nd4+ 38. Kd3 Ke6 39. Nh1 Nb7 40. Ng3 Nd6
41. Ne2 Nb7 42. Nc3 Na5 43. Nd5 Bd8 44. b4 Nac6 45. b5 Na5 46. Bxd4 exd4 47.
Nf1 Nb7 48. Ng3 Nd6 49. Nf5 Nxf5 50. exf5+ Ke5 51. Ke2 Kd6 52. Kd2 Ke5 53. Kd3
Kd6 54. Ke4 Kd7 55. f4 Kd6 56. Kf3 Kd7 57. Ke2 Kd6 58. Kd3 Kd7 59. Kd2 Kd6 60.
Kd3 Kd7 61. fxg5 fxg5 62. f6 Ke6 63. Ke2 Kf7 64. Kd3 Ke6 65. Ke4 Kf7 66. Kf5 d3
67. Ke4 d2 68. Ne3 Kxf6 69. Kd3 Ke5 70. Kxd2 Kf4 71. Ke2 Kg3 72. Kd2 Bc7 73.
Ke2 Bf4 74. Nd5 Kxg4 75. Nxb6 Kh3 76. Nd5 Bd6 77. Ke3 g4 78. Ke4 g3 79. Ne3 Kh4
80. Kd5 Bb8 81. Kxc5 Kxh5 82. Kd5 Kg5 83. Ke4 h5 84. c5 h4 85. Kf3 h3 86. Nf1
g2 87. Kf2 Be5 0-1

[Event "45. Open de Mislata 2011 - Grupo A"]
[Site "Mislata ESP"]
[Date "2011.08.19"]
[Round "7.7"]
[White "Martin Hernandez, Ruben"]
[Black "Carrasco Sagredo, Manuel"]
[Result "1-0"]
[WhiteElo "2128"]
[BlackElo "2170"]
[PlyCount "58"]
[EventDate "2011.08.15"]
[EventType "swiss"]
[EventRounds "9"]
[EventCountry "ESP"]
[Source "lmi"]
[SourceDate "2011.08.15"]

1. c4 g6 2. g3 Bg7 3. Bg2 Nf6 4. Nc3 O-O 5. e4 d6 6. Nge2 Nc6 7. O-O Be6 8. d3
Qc8 9. f3 h5 10. Be3 Bh3 11. d4 Bxg2 12. Kxg2 Kh7 13. Qd2 Rh8 14. h4 Ng8 15.
Rab1 a5 16. a3 a4 17. Qc2 e5 18. Rbd1 Bh6 19. Bf2 g5 20. hxg5 Bxg5 21. Rh1 Kg7
22. Nxa4 Rh6 23. Nac3 Nce7 24. Rh2 Ng6 25. Rdh1 Nf6 26. Nd5 Qh8 27. Be3 Bxe3
28. Nxe3 Rh7 29. dxe5 dxe5 1-0

[Event "45. Open de Mislata 2011 - Grupo A"]
[Site "Mislata ESP"]
[Date "2011.08.19"]
[Round "7.8"]
[White "Martinez Tormo, Jorge"]
[Black "Ventura Monfort, Santiago"]
[Result "1-0"]
[WhiteElo "2164"]
[BlackElo "2003"]
[PlyCount "57"]
[EventDate "2011.08.15"]
[EventType "swiss"]
[EventRounds "9"]
[EventCountry "ESP"]
[Source "lmi"]
[SourceDate "2011.08.15"]

1. e4 c5 2. Nf3 d6 3. d4 cxd4 4. Nxd4 Nf6 5. Nc3 a6 6. f4 e5 7. Nf3 Nbd7 8. Bd3
Be7 9. O-O O-O 10. Kh1 Qb6 11. a3 exf4 12. Bxf4 Qc7 13. Qe1 Ne5 14. Bg5 Be6 15.
Nd4 Nxd3 16. cxd3 Qc5 17. Nf5 Bxf5 18. Rxf5 Qd4 19. Qe2 Qa7 20. Raf1 Rac8 21.
Be3 Qb8 22. Rxf6 Rxc3 23. bxc3 gxf6 24. Bd4 Qd8 25. Qg4+ Kh8 26. Qh4 Rg8 27.
Rxf6 Rg7 28. Qh6 Kg8 29. Rxd6 1-0

[Event "45. Open de Mislata 2011 - Grupo A"]
[Site "Mislata ESP"]
[Date "2011.08.19"]
[Round "7.9"]
[White "Llerins Bonet, Ricardo"]
[Black "Fernandez, Alonso Miquel A"]
[Result "1-0"]
[WhiteElo "2130"]
[BlackElo "2137"]
[PlyCount "73"]
[EventDate "2011.08.15"]
[EventType "swiss"]
[EventRounds "9"]
[EventCountry "ESP"]
[Source "lmi"]
[SourceDate "2011.08.15"]

1. e4 c5 2. Nf3 Nc6 3. c4 e5 4. d3 d6 5. g3 g6 6. Bg2 Bg7 7. O-O Nge7 8. Nc3
O-O 9. Nd5 h6 10. Bd2 Nxd5 11. exd5 Ne7 12. Bc3 Nf5 13. Qc2 Bd7 14. Nd2 Qc7 15.
a3 b5 16. b4 Rfc8 17. Qb3 a6 18. Rac1 Qb6 19. Rfe1 Rab8 20. Rb1 bxc4 21. dxc4
Qc7 22. Qc2 Nd4 23. Bxd4 cxd4 24. Rec1 Bf5 25. Be4 Bxe4 26. Qxe4 f5 27. Qc2 e4
28. c5 dxc5 29. bxc5 Rxb1 30. Qxb1 Qe5 31. Qb7 Rb8 32. c6 Bf8 33. Qxa6 Re8 34.
c7 e3 35. Nf3 exf2+ 36. Kg2 f1=Q+ 37. Qxf1 1-0

[Event "45. Open de Mislata 2011 - Grupo A"]
[Site "Mislata ESP"]
[Date "2011.08.19"]
[Round "7.10"]
[White "Martinez Lopez, Jaime"]
[Black "Laliena, Solanes Luis"]
[Result "1/2-1/2"]
[WhiteElo "2116"]
[BlackElo "2197"]
[PlyCount "75"]
[EventDate "2011.08.15"]
[EventType "swiss"]
[EventRounds "9"]
[EventCountry "ESP"]
[Source "lmi"]
[SourceDate "2011.08.15"]

1. d4 e6 2. Nf3 d5 3. g3 c6 4. Bg2 f5 5. O-O Nf6 6. b3 Bd6 7. Ba3 Bxa3 8. Nxa3
Qd6 9. Qc1 Nbd7 10. c4 O-O 11. Nc2 b6 12. Rd1 Bb7 13. Nce1 e5 14. dxe5 Nxe5 15.
cxd5 Nxd5 16. e3 Ng4 17. Qc4 Kh8 18. h3 Ngf6 19. Nd4 g6 20. Ne2 Qe7 21. Nf4
Nxf4 22. Qxf4 Rad8 23. Nf3 c5 24. Qe5 Qxe5 25. Nxe5 Rxd1+ 26. Rxd1 Bxg2 27.
Kxg2 Re8 28. f4 Kg7 29. Kf3 Re7 30. g4 Ne4 31. Rd8 Rc7 32. a4 Rb7 33. gxf5 gxf5
34. Ke2 Kf6 35. Rf8+ Ke6 36. Re8+ Kf6 37. Rf8+ Ke6 38. Re8+ 1/2-1/2

[Event "45. Open de Mislata 2011 - Grupo A"]
[Site "Mislata ESP"]
[Date "2011.08.20"]
[Round "8.2"]
[White "Luna Cortes, Luis"]
[Black "Buenafe Moya, Javier"]
[Result "1/2-1/2"]
[WhiteElo "2143"]
[BlackElo "2312"]
[PlyCount "148"]
[EventDate "2011.08.15"]
[EventType "swiss"]
[EventRounds "9"]
[EventCountry "ESP"]
[Source "lmi"]
[SourceDate "2011.08.15"]

1. Nc3 d5 2. e4 dxe4 3. Nxe4 e6 4. d4 Nd7 5. Nf3 Ngf6 6. Bd3 Nxe4 7. Bxe4 Nf6
8. Bd3 c5 9. dxc5 Bxc5 10. Bb5+ Bd7 11. Bxd7+ Qxd7 12. Qxd7+ Nxd7 13. Bf4 f6
14. O-O e5 15. Rfe1 Rc8 16. Rac1 b5 17. Be3 Nb6 18. Bxc5 Rxc5 19. Nd2 O-O 20.
Ne4 Rc6 21. c3 f5 22. Ng3 Nc4 23. Re2 f4 24. Nf1 Re8 25. f3 a5 26. Rd1 Nb6 27.
Rde1 Rce6 28. Nd2 a4 29. a3 h6 30. b3 Nd5 31. Ne4 Rc8 32. bxa4 bxa4 33. Rc1 Ne3
34. Rb2 Nc4 35. Rb4 Ra6 36. Ra1 Rc7 37. Kf2 Ra5 38. Ke2 Kh7 39. Kf2 Raa7 40.
Rb5 Rab7 41. Rb4 Rxb4 42. cxb4 Ne3 43. Nc5 Rc6 44. Rc1 Rd6 45. Ke2 Nxg2 46. b5
g5 47. h3 h5 48. Ne4 Rb6 49. Nxg5+ Kg8 50. Ne4 Ne3 51. Rc5 Nf5 52. Nc3 Nd4+ 53.
Kf2 Rg6 54. Ne4 Rb6 55. Nc3 Rg6 56. Ne2 Nxe2 57. Kxe2 Rg2+ 58. Kd3 Ra2 59. Rc3
Rb2 60. Rc5 Rb3+ 61. Kc4 Kf7 62. Rxe5 Rxf3 63. b6 Rb3 64. Kc5 Kf6 65. Rxh5 Rxa3
66. b7 Rb3 67. Kc6 f3 68. Rh8 a3 69. Rf8+ Ke6 70. Re8+ Kf5 71. Kc7 a2 72. Re1
Rxb7+ 73. Kxb7 f2 74. Ra1 Kg5 1/2-1/2

[Event "45. Open de Mislata 2011 - Grupo A"]
[Site "Mislata ESP"]
[Date "2011.08.20"]
[Round "8.3"]
[White "Garcia Martinez, Silvino"]
[Black "Gonzalez Aguirre, Luis"]
[Result "1-0"]
[WhiteElo "2316"]
[BlackElo "2207"]
[PlyCount "131"]
[EventDate "2011.08.15"]
[EventType "swiss"]
[EventRounds "9"]
[EventCountry "ESP"]
[Source "lmi"]
[SourceDate "2011.08.15"]

1. e4 c6 2. d4 d5 3. e5 Bf5 4. Nf3 e6 5. Be2 Nd7 6. O-O Ne7 7. Nbd2 h6 8. Nb3
Bg4 9. h3 Bxf3 10. Bxf3 Nf5 11. Qd3 Be7 12. c4 Nh4 13. Be2 dxc4 14. Qxc4 Nb6
15. Qc2 Qd5 16. f3 Nf5 17. Rd1 O-O 18. Bd3 Ng3 19. Be3 f5 20. exf6 Rxf6 21. Bf2
Bd6 22. Nc5 Qg5 23. Nxb7 Bf4 24. Nc5 Nd5 25. Ne4 Nxe4 26. Bxe4 Ne3 27. Bxe3
Bxe3+ 28. Kf1 Rd8 29. Qc3 Rff8 30. Rd3 c5 31. Qxc5 Qxc5 32. dxc5 Rxd3 33. Bxd3
Bxc5 34. Bc4 Kf7 35. Rd1 Kf6 36. Ke2 Bb6 37. Rd6 Re8 38. f4 g5 39. fxg5+ hxg5
40. Rc6 Ke5 41. a4 Rf8 42. a5 Bxa5 43. Rc5+ Kd4 44. Rxa5 Kxc4 45. Rxa7 Rb8 46.
Ra4+ Kd5 47. Ra5+ Ke4 48. Ra4+ Kd5 49. b4 Kc4 50. Kf3 Rf8+ 51. Kg4 Rf5 52. Ra5
Rf2 53. g3 Kxb4 54. Re5 Kc4 55. Kxg5 Rf3 56. g4 Rxh3 57. Rxe6 Kd5 58. Re1 Rh8
59. Kf6 Rf8+ 60. Kg7 Rf2 61. g5 Kd6 62. g6 Rh2 63. Kg8 Rf2 64. g7 Kd7 65. Re4
Rh2 66. Kf7 1-0

[Event "45. Open de Mislata 2011 - Grupo A"]
[Site "Mislata ESP"]
[Date "2011.08.20"]
[Round "8.4"]
[White "Cruz Lledo, Pablo"]
[Black "Martinez Tormo, Jorge"]
[Result "1-0"]
[WhiteElo "2269"]
[BlackElo "2164"]
[PlyCount "101"]
[EventDate "2011.08.15"]
[EventType "swiss"]
[EventRounds "9"]
[EventCountry "ESP"]
[Source "lmi"]
[SourceDate "2011.08.15"]

1. d4 d5 2. c4 c6 3. Nf3 Nf6 4. Nc3 g6 5. e3 Bg7 6. Be2 O-O 7. O-O Bg4 8. cxd5
cxd5 9. Qb3 b6 10. h3 Bxf3 11. Bxf3 e6 12. Rd1 Nc6 13. Qa4 Ne7 14. b3 a6 15.
Bd2 b5 16. Qa3 Nc6 17. Qb2 Qd7 18. Rac1 Rfc8 19. Ne2 Nd8 20. Nf4 Nb7 21. Nd3
Ne4 22. Be1 f5 23. Be2 Bf8 24. f3 Nf6 25. a3 Bd6 26. b4 Rxc1 27. Rxc1 Rc8 28.
Nc5 Nxc5 29. dxc5 Be7 30. Bc3 Kf7 31. Bd4 Qc6 32. g4 Nd7 33. f4 Bf6 34. g5 Bxd4
35. Qxd4 Nb6 36. Kf2 Nc4 37. h4 Kg8 38. h5 gxh5 39. g6 hxg6 40. Rg1 e5 41. fxe5
Re8 42. Bf3 Rxe5 43. Rd1 Qe8 44. Bxd5+ Kh7 45. Bxc4 bxc4 46. c6 Kh6 47. c7 Re4
48. Qc5 Qa4 49. Qf8+ Kg5 50. Qd8+ Kg4 51. Rg1+ 1-0

[Event "45. Open de Mislata 2011 - Grupo A"]
[Site "Mislata ESP"]
[Date "2011.08.20"]
[Round "8.5"]
[White "Bosque Ortega, Xavier"]
[Black "Martin Hernandez, Ruben"]
[Result "1/2-1/2"]
[WhiteElo "2245"]
[BlackElo "2128"]
[PlyCount "125"]
[EventDate "2011.08.15"]
[EventType "swiss"]
[EventRounds "9"]
[EventCountry "ESP"]
[Source "lmi"]
[SourceDate "2011.08.15"]

1. d4 Nf6 2. Nf3 g6 3. Bf4 Bg7 4. e3 d6 5. h3 O-O 6. c3 Nbd7 7. Nbd2 c5 8. Be2
a6 9. O-O b5 10. a4 Rb8 11. axb5 axb5 12. Bh2 Qb6 13. e4 cxd4 14. cxd4 Ne8 15.
e5 Bb7 16. Qb3 dxe5 17. Nxe5 Rd8 18. Nxd7 Rxd7 19. Bxb5 Rd8 20. Ba4 Bxd4 21.
Qxb6 Bxb6 22. Nc4 Bc7 23. Bxc7 Nxc7 24. Rfc1 Ne6 25. Na5 Rb8 26. Bc6 Bxc6 27.
Nxc6 Rxb2 28. Nxe7+ Kg7 29. Ra7 Rd8 30. Nc6 Rdd2 31. Rf1 Ng5 32. Ne5 Re2 33.
Nc4 Rbc2 34. Ne3 Rcd2 35. Nc4 Rd4 36. f4 Nxh3+ 37. gxh3 Rxc4 38. f5 g5 39. f6+
Kg6 40. Ra8 Rf4 41. Rxf4 gxf4 42. Ra4 Kf5 43. Rb4 Re4 44. Rb7 Kxf6 45. Kg2 Kg6
46. Ra7 h5 47. Ra5 f6 48. Rb5 Re5 49. Rb8 Kf5 50. Kf3 Rd5 51. Rh8 Rd3+ 52. Kg2
Rg3+ 53. Kh2 Kg5 54. Rf8 Rd3 55. Kg2 f3+ 56. Kf2 f5 57. Rb8 Kh4 58. Rf8 Kg5 59.
Rb8 h4 60. Ra8 Rc3 61. Rb8 Kf6 62. Rb4 Kg5 63. Rb8 1/2-1/2